00000000nam 2200000za 4500
0019.855995
003CaOODSP
00520221107155432
007cr |||||||||||
008180501s2018    onc     o    f000 0 fre d
022 |z1925-0991
040 |aCaOODSP|bfre
043 |an-cn---
0861 |aH113-28/2018-9F-PDF|zH113-28/2018-9F
24500|aPeroxyde d’hydrogène et préparations commerciales connexes |h[ressource électronique] : |bdécision finale.
260 |aOttawa : |bAgence de réglementation de la lutte antiparasitaire, Santé Canada, |c2018.
300 |a11 p.
4901 |aDécision de réévaluation, |x1925-1009 ; |vRVD2018-09
500 |aPubl. aussi en anglais sous le titre : Hydrogen peroxide and its associated end-use products.
500 |aTitre de la couv.
500 |a« Le 30 avril 2018. »
520 |a« Le peroxyde d’hydrogène est utilisé comme algicide, bactéricide, fongicide, myxobactéricide, désinfectant et acaricide, et il présente un vaste profil d’emploi en aquaculture, en agriculture, dans l’industrie et comme désinfectant pour des surfaces dures ou souples. Le présent document expose la décision de réévaluation concernant le peroxyde d’hydrogène, y compris les mesures de réduction des risques qui doivent être prises pour protéger la santé humaine et l’environnement. Tous les produits contenant du peroxyde d’hydrogène qui sont homologués au Canada sont visés par cette décision de réévaluation » -- Décision de réévaluation, p. 1.
530 |aÉgalement publ. en version imprimée.
69207|2gccst|aPesticide
69207|2gccst|aAccréditation
69207|2gccst|aToxicologie
7101 |aCanada. |bAgence de réglementation de la lutte antiparasitaire.
7101 |aCanada. |bSanté Canada.
77508|tHydrogen peroxide and its associated end-use products |w(CaOODSP)9.855994
830#0|aDécision de réévaluation (Canada. Agence de réglementation de la lutte antiparasitaire)|x1925-1009 ; |vRVD2018-09.|w(CaOODSP)9.501609
85640|qPDF|s161 Ko|uhttps://publications.gc.ca/collections/collection_2018/sc-hc/h113-28/H113-28-2018-9-fra.pdf